Saltar al contenido
Inicio
Centros participantes
Catálogo
Servicios
Contacto
כניסה לחשבון
English
Deutsch
Español
Français
Italiano
日本語
Nederlands
Português
Português (Brasil)
中文(简体)
中文(繁體)
Türkçe
עברית
Gaeilge
Cymraeg
Ελληνικά
Català
Euskara
Русский
Čeština
Suomi
Svenska
polski
Dansk
slovenščina
اللغة العربية
বাংলা
Galego
Tiếng Việt
Hrvatski
हिंदी
Հայերէն
Українська
Sámegiella
שפה
כל השדות
כותר
מחבר
נושא
סימן המיקום
ISBN/ISSN
תג
מצא
מתקדם
La Fuga de capital en Centroam...
יצירת מראה מקום
שלח את זה
הדפסה
יצוא רשומה
יצוא אל RefWorks
יצוא אל EndNoteWeb
יצוא אל EndNote
הוספה למועדפים
Enlace Permanente
Agregar primera valuación
La Fuga de capital en Centroamérica 1977 - 1984
שמור ב:
מידע ביבליוגרפי
מחבר תאגידי:
Banco Centroamericano de Integración Económica. División de Planificación. Area de Planificación Económica
פורמט:
Texto
יצא לאור:
s.l:
BCIE
תגים:
הוספת תג
אין תגיות, היה/י הראשונ/ה לתייג את הרשומה!
מלאי ספרים
תיאור
הערות
פריטים דומים
תצוגת צוות
MARC
LEADER
00000 a a2200000 04500
001
24188
003
040
090
|a
171500
110
|a
Banco Centroamericano de Integración Económica. División de Planificación. Area de Planificación Económica
245
|a
La Fuga de capital en Centroamérica 1977 - 1984
260
|a
s.l:
|b
BCIE
300
|a
20 p
999
|c
15998
|d
15998
פריטים דומים
Informe sobre la situación de las mujeres en Centroamérica y Panamá
מאת: García, Ana Isabel
La Fuga de capital en Centroamérica 1977-1988 /
מאת: Glower, Carlos J.
La deuda externa de América Latina en el contexto de la deuda de América Latina
מאת: Hinkelammert, Franz J.
Relaciones comerciales entre América Latina y Estados Unidos: cambio en la década de los setenta
מאת: Bitar, Sergio
Law for the promotion of equality for women in Costa Rica. Ley de promoción de la igualdad social de la mujer /